Catálogo - Centro de Recursos para el Aprendizaje y la Investigación

Volver al Sitio - CRAI Biblioteca

El fenómeno terrorista / (Registro nro. 114641)

Detalles MARC
000 -CABECERA
campo de control de longitud fija 02337nam a2200301 4500
001 - NÚMERO DE CONTROL
campo de control 114641
003 - IDENTIFICADOR DEL NÚMERO DE CONTROL
campo de control DR-UNIBE
005 - FECHA Y HORA DE LA ÚLTIMA TRANSACCIÓN
campo de control 20260512145228.0
008 - DATOS DE LONGITUD FIJA--INFORMACIÓN GENERAL
campo de control de longitud fija 260512b2006 sp ||||| |||| 00| 0 spa d
020 ## - NÚMERO INTERNACIONAL ESTÁNDAR DEL LIBRO
Número Internacional Estándar del Libro 97896410497
040 ## - FUENTE DE LA CATALOGACIÓN
Centro catalogador/agencia de origen BIBLIOTECA UNIBE
Lengua de catalogación spa
Centro/agencia transcriptor BIBLIOTECA UNIBE
041 ## - CÓDIGO DE LENGUA
Código de lengua del texto/banda sonora o título independiente spa
082 ## - NÚMERO DE LA CLASIFICACIÓN DECIMAL DEWEY
Número de edición 22
Número de clasificación 303.625 G643f
100 1# - ENTRADA PRINCIPAL--NOMBRE DE PERSONA
Nombre de persona González Calleja, Eduardo,
Fechas asociadas al nombre 1962-
Término indicativo de función/relación autor
9 (RLIN) 204885
245 13 - MENCIÓN DE TÍTULO
Título El fenómeno terrorista /
Mención de responsabilidad, etc. Eduardo González Calleja
260 ## - PUBLICACIÓN, DISTRIBUCIÓN, ETC.
Lugar de publicación, distribución, etc. Madrid :
Nombre del editor, distribuidor, etc. Dastin, S.L.,
Fecha de publicación, distribución, etc. 2006
300 ## - DESCRIPCIÓN FÍSICA
Extensión 174 páginas :
Otras características físicas ilustraciones ;
Dimensiones 22 cm
490 ## - MENCIÓN DE SERIE
Mención de serie Cronica del siglo XX
500 ## - NOTA GENERAL
Nota general "Consejo Superior de Investigaciones Científicas (Madrid, España)."
504 ## - NOTA DE BIBLIOGRAFÍA, ETC.
Nota de bibliografía, etc. Incluye referencias bibliográficas (páginas: 163-174) e índice
505 0# - NOTA DE CONTENIDO CON FORMATO
Nota de contenido con formato Introducción. Cinco oleadas de violencia terrorista |<br/>Capítulo 1. Definición e interpretaciones del terrorismo político |<br/>Capítulo 2. El terrorismo en el último cuarto del siglo XIX: populismo, nihilismo y anarquismo |<br/>Capítulo 3. El terror totalitario en la Europa de entreguerras |<br/>Capítulo 4. Terrorismo y liberación nacional en el tercer mundo |<br/>Capítulo 5. El terrorismo revolucionario y contrarrevolucionario en las sociedades avanzadas |<br/>Capítulo 6. El terrorismo étnico-nacionalista |<br/>Capítulo 7. Del terrorismo internacional al terrorismo global |<br/>Epílogo. ¿Qué tipo de violencia terrorista para el futuro? |<br/>Lista de siglas |<br/>Bibliografía<br/>
520 3# - SUMARIO, ETC.
Sumario, etc. El terrorismo tuvo su origen en el siglo XIX pero fue en el siglo pasado en el que se convirtio en un fenomeno de dimensiones mundiales. Este libro constituye a la vez una revisión de las explicaciones que se han formulado del fenómeno terrorista desde el ámbito de las ciencias sociales, un recorrido sobre las diferentes oleadas de terror que se han producido, prestando la atención debida a las circunstancias históricas que determinaron su aparición, y también un estudio de otra vertiente fundamental para entender la complejidad del terrorismo, el terrorismo de estado.
650 #7 - PUNTO DE ACCESO ADICIONAL DE MATERIA--TÉRMINO DE MATERIA
Fuente del encabezamiento o término lemb
Término de materia o nombre geográfico como elemento de entrada Terrorismo
Subdivisión general Historia
Subdivisión cronológica Siglo XX
9 (RLIN) 204894
700 1# - PUNTO DE ACCESO ADICIONAL--NOMBRE DE PERSONA
Nombre de persona Gómez, Rebeca
Término indicativo de función/relación dirección editorial
9 (RLIN) 204895
700 1# - PUNTO DE ACCESO ADICIONAL--NOMBRE DE PERSONA
Nombre de persona Fernández, José María
Término indicativo de función/relación editor
9 (RLIN) 204896
710 2# - PUNTO DE ACCESO ADICIONAL--NOMBRE DE ENTIDAD CORPORATIVA
Nombre de entidad corporativa o nombre de jurisdicción como elemento de entrada Consejo Superior de Investigaciones Científicas (España)
9 (RLIN) 204897
942 ## - ELEMENTOS DE PUNTO DE ACCESO ADICIONAL (KOHA)
Fuente del sistema de clasificación o colocación Sistema de Clasificación Decimal Dewey
Tipo de ítem Koha Libro (general)
Existencias
Estado de retiro Estado de pérdida Fuente del sistema de clasificación o colocación No para préstamo Código de colección Localización permanente Fecha de adquisición Total de préstamos Signatura topográfica completa Código de barras Fecha visto por última vez Número de copia Precio válido a partir de Tipo de ítem Koha
  Disponible Sistema de Clasificación Decimal Dewey   General Biblioteca Central UNIBE 12/03/2026   303.625 G643f 260240 12/05/2026 Ej. 1 12/05/2026 Libro (general)